Silák Hunter /

Hlavní autor: Brand, Max, 1892-1944
Další autoři: Henke, Jan, 1959-
Jazyk: Čeština
Vydáno: Praha : Toužimský a Moravec, 1994
Edice: Knihy Divokého západu
Témata:
Externí odkaz: Digitalizovaný dokument
Fyzický popis: 147 s. : il. ; 21 cm
Knihy
Uloženo v:
LEADER 01449nam a2200385 a 4500
001 000010783
003 CZ BrMZK
005 20251009104839.0
007 ta
008 940620s1994 xr a g 000 f cze d
015 |a cnb000099826 
020 |a 80-85773-18-X 
040 |a BOA001  |b cze 
041 1 |a cze  |h eng 
072 7 |a 821.111(73)-3  |x Americká próza  |2 Konspekt  |9 25 
080 |a 821.111(73)-31  |2 MRF 
080 |a (0:82-311.3)  |2 MRF 
100 1 |a Brand, Max,  |d 1892-1944  |7 jn19981000325  |4 aut 
245 1 0 |a Silák Hunter /  |c Max Brand ; [přeložil Štěpán David ; ilustroval Jan Henke] 
260 |a Praha :  |b Toužimský a Moravec,  |c 1994 
300 |a 147 s. :  |b il. ;  |c 21 cm 
490 1 |a Knihy Divokého západu ;  |v č. 7 
500 |a Přeloženo z angličtiny 
500 |a Dostupné též v digitální podobě v aplikaci Kramerius 
655 7 |a americké romány  |7 fd131796  |2 czenas 
655 7 |a dobrodružné romány  |7 fd132061  |2 czenas 
655 9 |a American fiction  |2 eczenas 
655 9 |a adventure novels  |2 eczenas 
700 1 |a Henke, Jan,  |d 1959-  |7 mzk2003194940  |4 ill 
765 0 |t Bull Hunter  |9 Česky 
830 0 |a Knihy Divokého západu  |0 s 
856 4 1 |u http://www.digitalniknihovna.cz/mzk/uuid/uuid:1b4d4b60-acd8-11e2-8b87-005056827e51  |y Digitalizovaný dokument  |x NDK 
910 |a BOA001  |b 2-1000.085 
990 |a BK 
996 6 |b 2610009983  |c 2-1000.085  |l MZK  |r Sklad / do 1 hodiny  |n 2  |p p.v.  |w 000010783  |u 000010  |a 1  |e BOA001  |j MZK50  |s P